[Event "AUTO-MASTER-213"]
[Site "http://www.queenalice.com/game.php?id=110040"]
[Date "2006.9.26"]
[Round "1"]
[White "RiddleMeQuick"]
[Black "dnptrs"]
[Result "0-1"]
[WhiteElo "1910"]
[BlackElo "2004"]

1. d4 Nf6 2. c4 e6 3. Nc3 d5 4. Bg5 Be7 5. e3 O-O 6. Bd3 Nbd7 7. Nf3 c6 8. Qe2
h6 9. Bh4 dxc4 10. Bxc4 Nd5 11. Bxe7 Qxe7 0-1

[Event "AUTO-MASTER-213"]
[Site "http://www.queenalice.com/game.php?id=110041"]
[Date "2006.9.26"]
[Round "1"]
[White "dnptrs"]
[Black "RiddleMeQuick"]
[Result "1-0"]
[WhiteElo "2016"]
[BlackElo "1898"]

1. d4 f5 2. Nf3 Nf6 3. e3 g6 4. Be2 Bg7 5. O-O O-O 6. c4 d6 7. Nc3 b6 8. Qc2 Bb7
9. Ng5 Bc8 10. d5 h6 11. Nf3 1-0

[Event "AUTO-MASTER-213"]
[Site "http://www.queenalice.com/game.php?id=110042"]
[Date "2006.9.26"]
[Round "1"]
[White "RiddleMeQuick"]
[Black "Rafale2000"]
[Result "0-1"]
[WhiteElo "1887"]
[BlackElo "1920"]

1. Nf3 Nc6 2. d4 d5 3. c4 Nf6 4. Bg5 e6 5. e3 Be7 6. Bd3 h6 7. Bh4 dxc4 8. Bxc4
O-O 9. Nc3 Nd5 10. Bxe7 Ncxe7 0-1

[Event "AUTO-MASTER-185"]
[Site "http://www.queenalice.com/game.php?id=125364"]
[Date "2006.11.4"]
[Round "2"]
[White "RiddleMeQuick"]
[Black "gustavoarbulu"]
[Result "1-0"]
[WhiteElo "1844"]
[BlackElo "1847"]

1. d4 d5 2. c4 Bf5 3. Nf3 h6 4. Bf4 Bxb1 5. Qxb1 e6 6. e3 Bb4+ 7. Nd2 Nf6 8. f3
Nbd7 9. Qc2 Rc8 10. c5 c6 11. O-O-O b5 12. Bd6 Ba5 13. e4 Ng8 14. Nb3 Bc7 15. e5
Qg5+ 16. Kb1 Ne7 17. Bd3 1-0

[Event "AUTO-MASTER-185"]
[Site "http://www.queenalice.com/game.php?id=125367"]
[Date "2006.11.4"]
[Round "2"]
[White "RiddleMeQuick"]
[Black "Cientista"]
[Result "0-1"]
[WhiteElo "1860"]
[BlackElo "2088"]

1. d4 Nf6 2. c4 g6 3. Nc3 Bg7 4. Nf3 d5 5. cxd5 Nxd5 6. e4 Nxc3 7. bxc3 c5 8.
Bc4 Nc6 9. d5 Bxc3+ 10. Bd2 Bxa1 11. Qxa1 Nd4 12. Nxd4 cxd4 13. Qxd4 f6 14. O-O
Bd7 15. e5 Qb6 16. Qf4 fxe5 17. Qxe5 Qf6 18. Qe3 Rf8 19. Re1 Rc8 20. Qe2 Rxc4
21. Qxc4 Qxf2+ 22. Kh1 Qxd2 23. Qh4 Rf7 0-1

[Event "AUTO-MASTER-185"]
[Site "http://www.queenalice.com/game.php?id=125368"]
[Date "2006.11.4"]
[Round "2"]
[White "Cientista"]
[Black "RiddleMeQuick"]
[Result "1-0"]
[WhiteElo "2095"]
[BlackElo "1887"]

1. d4 Nf6 2. c4 g6 3. Nc3 Bg7 4. e4 d6 5. h3 O-O 6. Bg5 Nbd7 7. Nf3 b6 8. e5 Ne8
9. Bd3 dxe5 10. Be4 Rb8 11. dxe5 Ba6 12. Nd5 f6 13. Nb4 Nc5 14. Bd5+ Kh8 15. Nc6
Qc8 16. Be3 e6 17. Bxc5 bxc5 18. Nxb8 exd5 19. Nxa6 Qxa6 20. Qxd5 fxe5 21. O-O
Rf4 22. Nxe5 Nd6 23. Rfe1 Qc8 24. Re2 Qf5 25. Rae1 h6 26. Qc6 Kh7 27. Qxc7 Ne4
28. Nd3 Rh4 29. Re3 Ng5 30. Re7 Qf6 31. Rxg7+ 1-0

[Event "AUTO-MASTER-179"]
[Site "http://www.queenalice.com/game.php?id=131509"]
[Date "2006.11.20"]
[Round "2"]
[White "RiddleMeQuick"]
[Black "Be0wulf"]
[Result "1-0"]
[WhiteElo "1859"]
[BlackElo "1851"]

1. g3 d5 2. Bg2 Nf6 3. d4 g6 4. Nf3 Bg7 5. O-O O-O 6. Nc3 c6 7. Bf4 Na6 8. Qd2
Bf5 9. a3 Rc8 10. b4 Nh5 11. Be3 Qd7 12. Ne5 Qe6 13. Nd3 b6 14. f3 Nf6 15. Nf2
c5 16. b5 Nb8 17. g4 Nh5 18. gxf5 Qxf5 19. Bh3 Qe6 20. Bxe6 fxe6 21. dxc5 bxc5
22. Bh6 Nd7 23. Bxg7 Kxg7 24. Nfe4 Rf5 25. Rf2 Nb6 26. Ng3 Nxg3 27. hxg3 Nc4 28.
Qc1 h6 29. Rh2 g5 30. Nd1 d4 31. c3 e5 32. Qc2 e6 33. Qb3 1-0

[Event "AUTO-MASTER-179"]
[Site "http://www.queenalice.com/game.php?id=131510"]
[Date "2006.11.20"]
[Round "2"]
[White "Be0wulf"]
[Black "RiddleMeQuick"]
[Result "1-0"]
[WhiteElo "1774"]
[BlackElo "1879"]

1. Nf3 g6 2. e4 Bg7 3. d4 d6 4. Bc4 e6 5. O-O Nf6 6. Re1 O-O 7. Nbd2 Nbd7 8. e5
Ne8 9. Nf1 b6 10. Bg5 f6 11. Bxe6+ Kh8 12. Bh4 g5 13. Bg3 f5 14. h4 Qe7 15. exd6
Nxd6 16. Nxg5 Qf6 17. Bxd6 cxd6 18. Qh5 Bh6 19. Nf7+ Kg7 20. Nxd6 Qg6 21. Qf3
Ne5 22. Qxa8 Bxe6 23. Qxa7+ Rf7 24. Qa8 Rf8 25. Qb7+ Nf7 26. Ng3 f4 27. h5 fxg3
28. hxg6 Bd5 29. Qxd5 gxf2+ 30. Kxf2 1-0

[Event "AUTO-MASTER-171"]
[Site "http://www.queenalice.com/game.php?id=150042"]
[Date "2007.1.4"]
[Round "2"]
[White "jsm"]
[Black "RiddleMeQuick"]
[Result "0-1"]
[WhiteElo "2120"]
[BlackElo "1882"]

1. e4 g6 2. d4 Bg7 3. c4 d6 4. Nc3 Nf6 5. Nf3 Bg4 6. Be2 Na6 7. O-O O-O 8. h3
Bd7 9. Be3 c5 10. d5 Ne8 11. Bf4 Nac7 12. e5 dxe5 13. Bxe5 Nf6 14. Re1 a6 15.
Bd3 Nh5 16. Bxc7 Qxc7 17. Rxe7 Rae8 18. Rxe8 Rxe8 19. Qd2 Nf4 20. Bf1 Bh6 21.
Qd1 g5 22. Nh2 Bg7 23. Qf3 Qb6 24. b3 Qa5 25. Rc1 Bxc3 26. Rxc3 Re1 27. Re3 Bf5
28. g3 Nxh3+ 29. Kg2 Bd7 30. Qe4 Rxe3 31. Qxe3 Qxa2 32. Nf3 h6 33. Ne5 Bf5 34.
Qf3 Qb1 35. Qe3 g4 36. f3 gxf3+ 37. Nxf3 Be4 38. Kxh3 Qxf1+ 39. Kg4 Qxf3+ 40.
Qxf3 Bxf3+ 41. Kxf3 Kf8 42. Kg4 Ke8 43. Kh5 b5 44. cxb5 axb5 45. Kg4 c4 46. bxc4
b4 0-1

[Event "AUTO-MASTER-171"]
[Site "http://www.queenalice.com/game.php?id=150043"]
[Date "2007.1.4"]
[Round "2"]
[White "RiddleMeQuick"]
[Black "jsm"]
[Result "0-1"]
[WhiteElo "1875"]
[BlackElo "1990"]

1. d4 d5 2. c4 e5 3. e3 exd4 4. Qxd4 Nf6 5. Nf3 Nc6 6. Qd1 Bb4+ 7. Bd2 O-O 8.
Be2 dxc4 9. Bxc4 Bg4 10. Be2 Qd6 11. O-O Rad8 12. Nc3 a6 13. a3 Ba5 14. Be1 Qc5
15. Qc1 Qe7 16. b4 Bb6 17. h3 Bh5 18. Na4 Ba7 19. Bc3 Rfe8 20. Nc5 Bxc5 21. Bxf6
Qxf6 22. Qxc5 Ne5 23. Nd4 Bxe2 24. Nxe2 Nc6 25. Rac1 Qb2 26. Ng3 Qxa3 27. Rfd1
Rxd1+ 28. Rxd1 Qxb4 29. Qg5 Qe7 30. Qg4 Rd8 31. Rxd8+ Qxd8 32. Nf5 g6 33. h4 h5
34. Nh6+ Kg7 35. Nf5+ Kf8 0-1

[Event "AUTO-MASTER-171"]
[Site "http://www.queenalice.com/game.php?id=150046"]
[Date "2007.1.4"]
[Round "2"]
[White "RiddleMeQuick"]
[Black "leeroy"]
[Result "0-1"]
[WhiteElo "1856"]
[BlackElo "1949"]

1. g3 e5 2. Bg2 Nf6 3. c4 Bc5 4. d3 Nc6 5. Nc3 O-O 6. a3 a6 7. b4 Be7 8. Nf3 d6
9. O-O Bg4 10. d4 Bxf3 11. exf3 Nxd4 0-1

[Event "AUTO-MASTER-171"]
[Site "http://www.queenalice.com/game.php?id=150047"]
[Date "2007.1.4"]
[Round "2"]
[White "leeroy"]
[Black "RiddleMeQuick"]
[Result "1-0"]
[WhiteElo "1947"]
[BlackElo "1853"]

1. d4 g6 2. Nf3 Bg7 3. Na3 d5 4. Bf4 Bg4 5. h3 Bxf3 6. exf3 e6 7. c3 a6 8. Bd3
Nd7 9. Qd2 c5 10. dxc5 Nxc5 11. Be2 Nf6 12. Nc2 O-O 13. Bg5 Rc8 14. O-O Qb6 15.
Nb4 Nfd7 16. Be3 1-0

[Event "Let's Play Chess!"]
[Site "http://www.queenalice.com/game.php?id=267576"]
[Date "2007.9.6"]
[Round "-"]
[White "JeanBart"]
[Black "RiddleMeQuick"]
[Result "1/2-1/2"]
[WhiteElo "2100"]
[BlackElo "1923"]

1. e4 g6 2. d4 Bg7 3. Nf3 c5 4. Bc4 cxd4 5. Nxd4 Nc6 6. Be3 Nf6 7. Nc3 a6 8. Qd2
Qc7 9. Bb3 Ng4 10. Nd5 Qd6 11. Nxc6 dxc6 12. Nc3 Nxe3 13. Qxe3 e6 14. a3 c5 15.
Rd1 Qc7 16. O-O c4 17. Ba2 O-O 18. f4 b5 19. e5 Bb7 20. Ne4 Qc6 1/2-1/2

[Event "Challenge"]
[Site "http://www.queenalice.com/game.php?id=275257"]
[Date "2007.9.21"]
[Round "-"]
[White "vincentlennon"]
[Black "RiddleMeQuick"]
[Result "0-1"]
[WhiteElo "1828"]
[BlackElo "1930"]

1. e4 g6 2. Nf3 Bg7 3. Bc4 c5 4. d4 d6 5. Ng5 Nh6 6. c3 cxd4 7. cxd4 Nc6 8. Nf3
Bg4 9. Bxh6 Bxh6 10. h3 Qa5+ 11. Nc3 Qh5 12. Nd5 O-O 13. Qd3 Bxf3 14. gxf3 Bg7
15. Nf4 Qa5+ 16. Qc3 Qb6 17. Nd5 Qxd4 18. h4 Qc5 19. Qb3 e6 20. Ne3 Nd4 21. Qd1
d5 22. Bd3 dxe4 23. fxe4 Rac8 24. O-O Qe7 25. Qg4 Rc5 26. f4 Rh5 27. Ng2 Bf6 28.
f5 Bxh4 29. fxg6 hxg6 30. Rf4 e5 31. Rff1 Rg5 32. Qh3 Rg3 33. Qh2 Kg7 34. Bc4
Qg5 35. Rf2 Qe3 36. Kf1 Qxf2+ 37. Kxf2 Rh3+ 38. Nxh4 Rxh2+ 39. Kg3 Rxb2 40. Nf3
Nxf3 41. Kxf3 Rc8 42. Bd3 Rc3 43. Ke3 Rg2 0-1

[Event "Challenge"]
[Site "http://www.queenalice.com/game.php?id=275258"]
[Date "2007.9.21"]
[Round "-"]
[White "RiddleMeQuick"]
[Black "vincentlennon"]
[Result "1-0"]
[WhiteElo "1908"]
[BlackElo "1878"]

1. d4 d5 2. c4 c6 3. Nf3 dxc4 4. e4 b5 5. Be2 Bg4 6. Be3 e6 7. h3 Bb4+ 8. Nc3
Nf6 9. hxg4 Nxe4 10. Kf1 Bxc3 11. bxc3 Nxc3 12. Qc2 Nd5 13. Rxh7 Kd7 14. Ne5+
Ke7 15. Bg5+ Nf6 16. Bf3 Kd6 17. Nxf7+ 1-0